00877nam a2200241 i 4500001000300000100003500003245004300038250001200081260005500093300004100148490007300189504003300262650001500295655003000310830007400340020002300414020002900437040000800466041000800474080001400482008004100496856009800537bg1 aTRAJDOS, Tadeuszd(1922-2002).00aMatematyka.nCz. 3 /cTadeusz Trajdos. aWyd. 8. aWarszawa :bWydawnictwa Naukowo-Techniczne,c1996. a387, [1] s. :brys., wykr. ;c24 cm.1 aPodręczniki Akademickie. Elektronika, Informatyka, Telekomunikacja aBibliogr. s. 374. - Indeksy. 9aMatematyka aPodręczniki akademickie 0aPodręczniki Akademickie.pElektronika, Informatyka, Telekomunikacja a8320420903 (cz. 3) a832042089X (całość) cBPK0 apol a51(075.8) s pl f |000 0 pol  uhttp://koha.tu.koszalin.pl/cgi-bin/koha/opac-detail.pl?biblionumber=24792yKatalog online BPK